How to avoid being SWaMPed (Record no. 80064)

MARC details
000 -LEADER
fixed length control field 01158cab a22002055a 4500
001 - CONTROL NUMBER
control field L143103
008 - FIXED-LENGTH DATA ELEMENTS--GENERAL INFORMATION
fixed length control field 080408e20080504xxk f 000 0 eng d
035 ## - SYSTEM CONTROL NUMBER
System control number (Sirsi) u143103
041 0# - LANGUAGE CODE
Language code of text/sound track or separate title eng
100 1# - MAIN ENTRY--PERSONAL NAME
Personal name Johnson, David
245 00 - TITLE STATEMENT
Title How to avoid being SWaMPed
260 ## - PUBLICATION, DISTRIBUTION, ETC.
Date of publication, distribution, etc. 2008
490 ## - SERIES STATEMENT
Series statement Estates Gazette
Volume/sequential designation (0813) 5 April 2008, 146(1)
520 ## - SUMMARY, ETC.
Summary, etc. Looks at the enforcement of 2004's Site Waste Management Plans (SWaMPs) which were made compulsory on 6 April 2008. A client carrying out a construction project valued at over £300 000 must now appoint a contractor or carry out the functions itself. A SWaMP must be prepared before construction commences, and updated whenever waste leaves the site. Obligations for recording details increase for projects costing £500 000 or more. Enforcement is performed by local authorities and the Environment Agency. Failure to comply can result in £50 000 fine at a magistrates' court, or an unlimited fine at a crown court.
590 ## - LOCAL NOTE (RLIN)
Local note KA
650 24 - SUBJECT ADDED ENTRY--TOPICAL TERM
Topical term or geographic name entry element ENVIRONMENTAL PROTECTION ACT 1990
651 #4 - SUBJECT ADDED ENTRY--GEOGRAPHIC NAME
Geographic name United Kingdom
Chronological subdivision
690 ## - LOCAL SUBJECT ADDED ENTRY--TOPICAL TERM (OCLC, RLIN)
Topical term or geographic name as entry element ENVIRONMENTAL AND LAND CONSULTANCY-WASTE MANAGEMENT
942 ## - ADDED ENTRY ELEMENTS (KOHA)
Suppress in OPAC 0
Holdings
Withdrawn status Lost status Source of classification or shelving scheme Damaged status Not for loan Home library Current library Shelving location Date acquired Total Checkouts Full call number Barcode Date last seen Copy number Price effective from Koha item type
    Dewey Decimal Classification     London London Journal article 08/04/2008   L143103 143103-1001 06/08/2019 1 06/08/2019 Journal article